| 000 | 00933cam a22002892 b4500 | ||
|---|---|---|---|
| 001 | 11279332 | ||
| 003 | ARRUPE | ||
| 005 | 20151020145027.0 | ||
| 006 | m d | ||
| 007 | cr n | ||
| 008 | 150301e19390101xxka s|||||||| 2|eng|d | ||
| 020 |
_a0571045782 (UKB Format Paperback) _cCND 12.99 Retail Price (Penguin Group (Canada)) |
||
| 020 | _a9780571045785 | ||
| 024 | 3 | _a9780571045785 | |
| 035 | _a(WaSeSS)ssib018708218 | ||
| 037 | _b00307008 | ||
| 040 |
_aBIP Canadian _dWaSeSS _cArrupe |
||
| 082 | 0 | 0 |
_a821.912 _221 |
| 100 | 1 |
_aEliot, T. S. _d1888-1965 _eAuthor _920381 |
|
| 245 | 1 | 0 |
_aOld Possum's Book of Practical Cats _cEliot, Thomas Sterns |
| 260 |
_aLondon : _bFaber & Faber, _c1967 |
||
| 506 | _aLicense restrictions may limit access. | ||
| 700 |
_aBentley, Nicolas ill. _920382 |
||
| 773 | 0 | _tLiterature Online (LION) | |
| 910 | _aBowker Global Books in Print record | ||
| 942 |
_2lcc _cMONOGRAPH |
||
| 999 |
_c123559 _d123559 |
||